000 00655nam a2200217Ia 4500
005 20250508164706.0
008 008 250505s9999 xx 000 0 eng d
037 _aReference
040 _aFEDL
_beng
_cFEDL
041 _aeng
_2eng
084 _a371.9, BEN/RR
_qFEDL
100 _aBender William N
_9778464
245 0 _aReading strategies for elementary students with learning difficulties: Strategies for RTI
250 _a2
260 _aCalifornia, USA
_bCorwin Press
_c2009
300 _axiii,254p.
365 _aUSD
_b38.95
700 _a Larkin Martha J
_9778872
942 _cREF
_h371.9, BEN/RR
999 _c1390594
_d1390594